|
|
|
|
| LEADER |
00593cam a2200169 i 4500 |
| 020 |
|
|
|a 9781138778078 (hardback : alk. paper)
|
| 082 |
0 |
0 |
|a 325.3
|b POS
|
| 245 |
0 |
4 |
|a The postcolonial world /
|
| 260 |
|
|
|a London & New York;
|b Routledge,
|c 2017.
|
| 300 |
|
|
|a xix, 562 pages ;
|
| 490 |
0 |
|
|a The Routledge worlds
|
| 650 |
|
0 |
|a Postcolonialism.
|
| 700 |
1 |
|
|a Singh, Jyotsna G.,
|
| 700 |
1 |
|
|a Kim, David D.,
|
| 942 |
|
|
|c REF
|
| 999 |
|
|
|c 52151
|d 52151
|
| 952 |
|
|
|0 0
|1 0
|4 0
|6 325_300000000000000_POS
|7 0
|9 66087
|a KU
|b KU
|d 2018-07-21
|e Ad.D2/5736/2013 dtd.24/11/2017
|g 15421.00
|l 0
|o 325.3 POS
|p EN16239
|r 2018-07-21
|w 2018-07-21
|y REF
|